00938nam a2200253 i 4500003000900000005001700009006001900026007000300045008004100048020001800089040003000107082001400137100003400151245011700185264004600302300002800348336002700376337003300403338002800436500008000464500005600544504004000600700004400640DO-SdBNP20250221105256.0a||||fr|||| 00| 0 ta240410e2023 |||||||| |||| 00| e spa d a9789945187816 aDO-SdBNPbspacBNPHUerda 4222bC117f1 aCabrera Cabral, Migueleautor10aFilosofía en República Dominicana y Cuba en los siglos XIX y XXcMiguel Cabrera Cabral, José Antonio Soto. 1aSanto Domingo :bBoniprinting, SRL,c2023 a350 páginas ;c21 cm. 2rdacontentatextobtxt 2rdamediaasin mediaciónbn 2rdacarrieravolumenbnc aIncluye datos biográficos de los autores en las solapas de las cubiertas. aIncluye bibliografía y notas al pie de páginas. aBibliografía: páginas 343 -350 1 aSoto Rodríguez, José Antonioeautor